01006cam a2200253 450000100060000000300080000600500170001400800410003103500190007203500230009104000650011404100080017908200240018710000300021124500770024126000490031830000200036750000630038751000170045051000430046760000620051075200210057285601590059377206BD-RjUL20211209082938.0200303s19661961ie |||| s 00| ||eng c a(BD-RjUL)77431 a(ECCO)ESTC T163563 aUk-EScUk-ESdCU-RivESdCStRLINdCU-RivESdCengage Galebeng aeng 219a821.4bDRY 19611 aDryden, John,d1631-1700.10aAbsalom and achitophel./b by Dryden ; edited by James and Helen Kinsley aLondon :bOxford university ,c 1961 [1966] a65 p. ;c19 cm. aReproduction of original from National Library of Ireland.4 aFoxon,cD454 aEnglish Short Title Catalog,cT163563.10aShaftesbury, Anthony Ashley Cooper,cEarl of,d1621-1683. aIrelanddDublin.41uhttp://galenet.galegroup.com/servlet/ECCO?ae=T163563&c=1&stp=Author&ste=11&af=BN&tiPG=1&dd=0&dc=flc&vrsn=1.0&srchtp=a&d4=0.33&n=10&SU=0LRN&locID=camb27002